[Event "Ruhrgebiet-ch Seniors 18th"]
[Site "Essen"]
[Date "2011.04.11"]
[Round "7"]
[White "Funke, Eckard"]
[Black "Liszka, Guenter"]
[Result "1/2-1/2"]
[WhiteElo "1899"]
[BlackElo "1770"]
[PlyCount "82"]
[EventDate "2011.03.28"]
[EventType "swiss"]
[EventRounds "9"]
[EventCountry "GER"]
[SourceTitle "EXT 2012"]
[Source "ChessBase"]
[SourceDate "2011.11.24"]
[SourceVersion "1"]
[SourceVersionDate "2011.11.24"]
[SourceQuality "1"]

1. d4 d5 2. c4 e6 3. Nc3 Nf6 4. Bg5 Nbd7 5. e3 Bb4 6. Qc2 c5 7. a3 Qa5 8. Bxf6 Nxf6 9. Rc1 Bxc3+ 10. Qxc3 Qxc3+ 11. Rxc3 cxd4 12. exd4 dxc4 13. Bxc4 0-0 14. Ne2 b6 15. f3 Bb7 16. Kf2 Rfe8 17. Rhc1 g6 18. Bd3 Rac8 19. Rxc8 Rxc8 20. Rxc8+ Bxc8 21. Be4 Ba6 22. Nc3 Bc4 23. Ke3 h5 24. Kf4 Kf8 25. Bc6 Ke7 26. Ke5 Ng8 27. d5 f6+ 28. Kd4 exd5 29. Bxd5 Bxd5 30. Nxd5+ Kd6 31. a4 Kc6 32. b4 Kd6 33. b5 Kd7 34. h3 Kd6 35. g4 hxg4 36. hxg4 Kd7 37. Ne3 Ne7 38. Nd5 Ng8 39. Nb4 Ne7 40. Nd5 Ng8 41. f4 Kd6 1/2-1/2

[Event "Ruhrgebiet-ch Seniors 18th"]
[Site "Essen"]
[Date "2011.03.30"]
[Round "3"]
[White "Funke, Eckard"]
[Black "Hansen, Friedhelm"]
[Result "1/2-1/2"]
[WhiteElo "1899"]
[BlackElo "1731"]
[PlyCount "81"]
[EventDate "2011.03.28"]
[EventType "swiss"]
[EventRounds "9"]
[EventCountry "GER"]
[SourceTitle "EXT 2012"]
[Source "ChessBase"]
[SourceDate "2011.11.24"]
[SourceVersion "1"]
[SourceVersionDate "2011.11.24"]
[SourceQuality "1"]

1. d4 d5 2. c4 c6 3. Nf3 Nf6 4. Nc3 e6 5. Bg5 Be7 6. e3 Ne4 7. Bxe7 Nxc3 8. Qb3 Qxe7 9. Qxc3 0-0 10. Bd3 Nd7 11. 0-0 h6 12. b4 a6 13. c5 Re8 14. Ne5 Nxe5 15. dxe5 f5 16. a4 Bd7 17. h3 Reb8 18. Rfb1 Be8 19. Ra3 Qd8 20. Rab3 Bd7 21. Kh2 Be8 22. Qd4 Bh5 23. b5 axb5 24. axb5 Rc8 25. bxc6 bxc6 26. Rb6 Be8 27. Ba6 Rcb8 28. Qb2 Rxb6 29. Qxb6 Kf8 30. Bb7 Rb8 31. Qxd8 Rxd8 32. Rb6 Rb8 33. Ba6 Ra8 34. Kg3 Ke7 35. h4 Bd7 36. Kf4 g6 37. Kf3 Rf8 38. g3 Ra8 39. Kg2 Rf8 40. Kf3 Ra8 41. Kf4 1/2-1/2

[Event "Ruhrgebiet-ch Seniors 18th"]
[Site "Essen"]
[Date "2011.03.29"]
[Round "2"]
[White "Khasin, Abram Iosifovich"]
[Black "Funke, Eckard"]
[Result "1-0"]
[WhiteElo "2169"]
[BlackElo "1899"]
[PlyCount "63"]
[EventDate "2011.03.28"]
[EventType "swiss"]
[EventRounds "9"]
[EventCountry "GER"]
[SourceTitle "EXT 2012"]
[Source "ChessBase"]
[SourceDate "2011.11.24"]
[SourceVersion "1"]
[SourceVersionDate "2011.11.24"]
[SourceQuality "1"]

1. d4 Nf6 2. c4 d5 3. cxd5 Qxd5 4. Nc3 Qa5 5. Nf3 e6 6. g3 Ne4 7. Bd2 Nxd2 8. Qxd2 c6 9. Bg2 Nd7 10. Rc1 Bb4 11. 0-0 0-0 12. a3 Bxc3 13. Rxc3 e5 14. b4 Qc7 15. d5 Rb8 16. Rfc1 Qd6 17. dxc6 Qxd2 18. Nxd2 bxc6 19. Rxc6 Nb6 20. Rc7 a6 21. Ra7 Bd7 22. Bb7 Nc8 23. Bxc8 Bxc8 24. Nc4 Rb7 25. Rxb7 Bxb7 26. Nxe5 h6 27. Rc7 Bd5 28. Nd3 Re8 29. Kf1 g5 30. f3 Re6 31. Kf2 Re8 32. e4 1-0